000 00800nam a22002297a 4500
001 48881
003 BD-RjUL
005 20211209054612.0
008 160817s1970 bg ||||| |||| 00| 0 ben d
020 _c: Tk.4.00
035 _a(BD-RjUL)49000
040 _aBD-RjUL
_bben
_cBD-RjUL
_dBD-RjUL
041 _aben
082 _223
_a891.441
_bISB 1970
100 _aইসলাম, মযহারুল
_9147289
245 1 0 _aবিচ্ছীন্ন প্রতিলিপি /
_cমযহারুল ইসলাম
260 _aঢাকা :
_bপাকিস্তান বুক কর্পোরেশন,
_c১৯৭০
300 _a৯৬ পৃ. ;
_c২১ সেমি.
650 _aবাংলা কবিতা
_9147198
650 _aBengali poetry
_9147199
942 _2ddc
_cBK
999 _c48881
_d48881